<?xml version="1.0" encoding="UTF-8"?><?xml-stylesheet type="text/xsl" href="static/style.xsl"?><OAI-PMH xmlns="http://www.openarchives.org/OAI/2.0/" xmlns:xsi="http://www.w3.org/2001/XMLSchema-instance" xsi:schemaLocation="http://www.openarchives.org/OAI/2.0/ http://www.openarchives.org/OAI/2.0/OAI-PMH.xsd"><responseDate>2026-04-14T14:32:19Z</responseDate><request verb="GetRecord" identifier="oai:uvadoc.uva.es:10324/80296" metadataPrefix="marc">https://uvadoc.uva.es/oai/request</request><GetRecord><record><header><identifier>oai:uvadoc.uva.es:10324/80296</identifier><datestamp>2026-03-25T11:48:29Z</datestamp><setSpec>com_10324_1188</setSpec><setSpec>com_10324_931</setSpec><setSpec>com_10324_894</setSpec><setSpec>col_10324_1413</setSpec></header><metadata><record xmlns="http://www.loc.gov/MARC21/slim" xmlns:doc="http://www.lyncode.com/xoai" xmlns:xsi="http://www.w3.org/2001/XMLSchema-instance" xmlns:dcterms="http://purl.org/dc/terms/" xsi:schemaLocation="http://www.loc.gov/MARC21/slim http://www.loc.gov/standards/marcxml/schema/MARC21slim.xsd">
<leader>00925njm 22002777a 4500</leader>
<datafield tag="042" ind1=" " ind2=" ">
<subfield code="a">dc</subfield>
</datafield>
<datafield tag="720" ind1=" " ind2=" ">
<subfield code="a">Zelaya Perdomo, Iving</subfield>
<subfield code="e">author</subfield>
</datafield>
<datafield tag="720" ind1=" " ind2=" ">
<subfield code="a">Montañés Serrano, Manuel</subfield>
<subfield code="e">author</subfield>
</datafield>
<datafield tag="260" ind1=" " ind2=" ">
<subfield code="c">2021</subfield>
</datafield>
<datafield tag="520" ind1=" " ind2=" ">
<subfield code="a">La concepción generalizada que considera la producción científica universitaria inherente e intrínsecamente internacional, ha contribuido a que no proliferen las investigaciones empíricas que tomen como objeto de estudio ésta problemática. En este artículo se da cuenta de las concepciones y percepciones que sobre la internacionalización de la actividad investigadora tiene el profesorado universitario hondureño, y, asimismo, se hace referencia a las controversias que esta cuestión suscita en los países de la región, las cuales inciden en el desarrollo de las instituciones de educación superior. Para tal fin, se ha recurrido a una metodología cualitativa/estructural, con la que se ha analizado la materia prima discursiva producida en las reuniones convocadas de acuerdo con una muestra estructural diseñada ad hoc. Como resultado, se han identificado 6 posiciones discursivas, que configuran una estructura relacional, la cual ha sido gráficamente representada. Siendo las siguientes: (A) Dependiente, (B) Independiente, (C) Pasiva (D) Interdependiente, (E) Cooperativista regional, y (F) Crítica. Si bien es verdad que la (A) Dependiente se identifica como dominante, es la (D) Interdependiente la que ocupa la centralidad del espacio discursivo al converger en ella diferentes posiciones. El análisis realizado es un insumo que puede ser de utilidad para el diseño de políticas públicas relacionadas con la internacionalización de la investigación</subfield>
</datafield>
<datafield tag="024" ind2=" " ind1="8">
<subfield code="a">Archivos Analíticos de Políticas Educativas, 29(162), págs. 1-25</subfield>
</datafield>
<datafield tag="024" ind2=" " ind1="8">
<subfield code="a">: 1068-2341</subfield>
</datafield>
<datafield tag="024" ind2=" " ind1="8">
<subfield code="a">https://uvadoc.uva.es/handle/10324/80296</subfield>
</datafield>
<datafield tag="024" ind2=" " ind1="8">
<subfield code="a">10.14507/epaa.29.5875</subfield>
</datafield>
<datafield tag="024" ind2=" " ind1="8">
<subfield code="a">1</subfield>
</datafield>
<datafield tag="024" ind2=" " ind1="8">
<subfield code="a">August - December</subfield>
</datafield>
<datafield tag="024" ind2=" " ind1="8">
<subfield code="a">25</subfield>
</datafield>
<datafield tag="024" ind2=" " ind1="8">
<subfield code="a">Education Policy Analysis Archives</subfield>
</datafield>
<datafield tag="024" ind2=" " ind1="8">
<subfield code="a">29</subfield>
</datafield>
<datafield tag="024" ind2=" " ind1="8">
<subfield code="a">1068-2341</subfield>
</datafield>
<datafield ind1=" " ind2=" " tag="653">
<subfield code="a">Sociologiía</subfield>
</datafield>
<datafield tag="245" ind1="0" ind2="0">
<subfield code="a">Internacionalización de la investigación: Concepciones y percepciones del profesorado hondureño</subfield>
</datafield>
</record></metadata></record></GetRecord></OAI-PMH>